[Event "Doeberl Cup 39th"]
[Site "Canberra"]
[Date "2001.04.13"]
[Round "1.11"]
[White "Flitney, Adrian"]
[Black "Tindall, Brett"]
[Result "0-1"]
[WhiteElo "1852"]
[BlackElo "2201"]
[PlyCount "66"]
[EventDate "2001.04.13"]
[EventType "swiss"]
[EventRounds "7"]
[EventCountry "AUS"]
[SourceTitle "CBM 082 Extra"]
[Source "ChessBase"]
[SourceDate "2001.07.03"]
[SourceVersion "1"]
[SourceVersionDate "2001.07.03"]
[SourceQuality "1"]

1. e4 c5 2. c3 d5 3. exd5 Qxd5 4. d4 e6 5. Nf3 Nc6 6. Bd3 Bd7 7. Be3 Nf6 8. 0-0 Be7 9. Re1 cxd4 10. cxd4 0-0 11. Nc3 Qa5 12. Rc1 Rfd8 13. Bb1 Nb4 14. a3 Nbd5 15. Qd3 Nxc3 16. Rxc3 Bc6 17. Bg5 g6 18. Ne5 Rac8 19. Qh3 Be8 20. b4 Rxc3 21. Qxc3 Qb6 22. Qf3 Kg7 23. Be3 Nd5 24. Rc1 a5 25. Bc2 Nxe3 26. fxe3 Rc8 27. bxa5 Qxa5 28. h3 Qxa3 29. Qd1 Qxe3+ 30. Kh1 Bc6 31. Qf1 Qxh3+ 32. Kg1 Qe3+ 33. Kh2 f6 0-1

[Event "Doeberl Cup 39th"]
[Site "Canberra"]
[Date "2001.04.13"]
[Round "2.8"]
[White "Tindall, Brett"]
[Black "Rej, Tomek"]
[Result "1-0"]
[WhiteElo "2201"]
[BlackElo "2027"]
[PlyCount "105"]
[EventDate "2001.04.13"]
[EventType "swiss"]
[EventRounds "7"]
[EventCountry "AUS"]
[SourceTitle "CBM 082 Extra"]
[Source "ChessBase"]
[SourceDate "2001.07.03"]
[SourceVersion "1"]
[SourceVersionDate "2001.07.03"]
[SourceQuality "1"]

1. d4 d5 2. Nf3 Nf6 3. Bg5 e6 4. Nbd2 c5 5. c3 Nc6 6. e3 Be7 7. Bd3 0-0 8. 0-0 Nd7 9. Bxe7 Qxe7 10. Re1 f5 11. Rc1 e5 12. dxe5 Ndxe5 13. Nxe5 Nxe5 14. Nf3 Nxd3 15. Qxd3 Rd8 16. b4 cxb4 17. cxb4 Qxb4 18. Rc7 Qf8 19. Rec1 f4 20. e4 Be6 21. exd5 Rxd5 22. Qe4 Qf5 23. Qxf5 Bxf5 24. Rxb7 Rc8 25. Re1 Rd7 26. Rb4 Bg4 27. Rxf4 Bxf3 28. Rxf3 Rd2 29. a3 Rf8 30. Rxf8+ Kxf8 31. Kf1 Ra2 32. Re3 Ra1+ 33. Ke2 Ra2+ 34. Kf3 Kf7 35. g4 h6 36. h4 Kf6 37. Kg3 Ra1 38. h5 Ra2 39. Rc3 a5 40. Re3 Ra1 41. Kf4 Ra2 42. f3 Ra1 43. Rc3 Ra2 44. Rc6+ Kf7 45. Kf5 Rxa3 46. Rc7+ Kf8 47. Kg6 Rxf3 48. Rd7 a4 49. g5 hxg5 50. h6 Re3 51. Rf7+ Ke8 52. h7 Rh3 53. Ra7 1-0

[Event "Gold Coast Parkroyal op"]
[Site "Gold Coast"]
[Date "2000.06.15"]
[Round "9"]
[White "Nikolic, Predrag"]
[Black "Tindall, Brett"]
[Result "1-0"]
[WhiteElo "2659"]
[BlackElo "2194"]
[PlyCount "51"]
[EventDate "2000.06.07"]
[EventType "swiss"]
[EventRounds "9"]
[EventCountry "AUS"]
[SourceTitle "CBM 076 Extra"]
[Source "ChessBase"]
[SourceDate "2000.07.11"]
[SourceVersion "1"]
[SourceVersionDate "2000.07.11"]
[SourceQuality "1"]

1. d4 Nf6 2. c4 e6 3. Nf3 c5 4. d5 exd5 5. cxd5 d6 6. Nc3 g6 7. Qa4+ Qd7 8. Qh4 Bg7 9. Bh6 0-0 10. Bxg7 Kxg7 11. e4 Qe7 12. Bd3 b6 13. 0-0 Ba6 14. Bxa6 Nxa6 15. Rfe1 Nb4 16. Rad1 Rfe8 17. a3 Na6 18. e5 dxe5 19. d6 Qe6 20. Qa4 Nb8 21. Rxe5 Qd7 22. Rxe8 Nxe8 23. Qe4 Nc6 24. Ne5 Nxe5 25. Qxa8 Nc6 26. Qxc6 1-0

[Event "Gold Coast Parkroyal op"]
[Site "Gold Coast"]
[Date "2000.06.14"]
[Round "8"]
[White "Tindall, Brett"]
[Black "Teichmann, Erik Oskar Michael"]
[Result "1-0"]
[WhiteElo "2194"]
[BlackElo "2365"]
[PlyCount "47"]
[EventDate "2000.06.07"]
[EventType "swiss"]
[EventRounds "9"]
[EventCountry "AUS"]
[SourceTitle "CBM 076 Extra"]
[Source "ChessBase"]
[SourceDate "2000.07.11"]
[SourceVersion "1"]
[SourceVersionDate "2000.07.11"]
[SourceQuality "1"]

1. d4 Nc6 2. e4 d5 3. Nc3 e6 4. e5 Nge7 5. f4 Nf5 6. Nf3 Bb4 7. a3 Bxc3+ 8. bxc3 Na5 9. Bd3 Qd7 10. a4 a6 11. g4 Ne7 12. 0-0 b6 13. f5 h6 14. Nh4 Qc6 15. Qf3 exf5 16. gxf5 Bd7 17. e6 fxe6 18. fxe6 Bxe6 19. Ba3 g5 20. Qf6 Kd7 21. Qxe7+ Kc8 22. Nf5 Re8 23. Qf6 Kb7 24. Ng7 1-0

[Event "Gold Coast Parkroyal op"]
[Site "Gold Coast"]
[Date "2000.06.11"]
[Round "5"]
[White "Tindall, Brett"]
[Black "Allen, Andrew"]
[Result "0-1"]
[WhiteElo "2194"]
[BlackElo "2264"]
[PlyCount "70"]
[EventDate "2000.06.07"]
[EventType "swiss"]
[EventRounds "9"]
[EventCountry "AUS"]
[SourceTitle "CBM 076 Extra"]
[Source "ChessBase"]
[SourceDate "2000.07.11"]
[SourceVersion "1"]
[SourceVersionDate "2000.07.11"]
[SourceQuality "1"]

1. e4 c5 2. Nf3 e6 3. d4 cxd4 4. Nxd4 Nf6 5. Nc3 d6 6. Be2 a6 7. 0-0 Qc7 8. Be3 b5 9. a3 Bb7 10. Bd3 Be7 11. f4 Nc6 12. Kh1 Rc8 13. Qf3 0-0 14. Qg3 Nd7 15. Rae1 Bf6 16. Nxc6 Bxc6 17. e5 dxe5 18. fxe5 Bxe5 19. Bf4 Bxf4 20. Rxf4 g6 21. Qg5 Rce8 22. Rh4 f5 23. a4 Nc5 24. axb5 Nxd3 25. cxd3 axb5 26. d4 Qd6 27. Re3 Ra8 28. Ne2 Ra1+ 29. Ng1 f4 30. Ra3 f3 31. Rxa1 fxg2+ 32. Qxg2 Bxg2+ 33. Kxg2 Qd5+ 34. Kg3 Qb3+ 35. Kg4 Qxb2 0-1

[Event "Gold Coast Parkroyal op"]
[Site "Gold Coast"]
[Date "2000.06.09"]
[Round "3"]
[White "Tindall, Brett"]
[Black "Hanks, John"]
[Result "1-0"]
[WhiteElo "2194"]
[BlackElo "2166"]
[PlyCount "107"]
[EventDate "2000.06.07"]
[EventType "swiss"]
[EventRounds "9"]
[EventCountry "AUS"]
[SourceTitle "CBM 076 Extra"]
[Source "ChessBase"]
[SourceDate "2000.07.11"]
[SourceVersion "1"]
[SourceVersionDate "2000.07.11"]
[SourceQuality "1"]

1. e4 e5 2. Nf3 d6 3. d4 Nd7 4. Bc4 c6 5. 0-0 Qc7 6. c3 h6 7. Qe2 Nb6 8. Bb3 Be7 9. Ne1 Nf6 10. f4 exd4 11. cxd4 d5 12. e5 Bg4 13. Nf3 Nfd7 14. Be3 h5 15. Nc3 g6 16. Rac1 Qd8 17. h3 Be6 18. Bc2 Rc8 19. Nd2 a6 20. f5 gxf5 21. Bxf5 Bg5 22. Bxe6 Bxe3+ 23. Qxe3 fxe6 24. Nf3 Nc4 25. Qd3 Rh6 26. b3 Ncb6 27. h4 Nf8 28. Ng5 Rc7 29. Rc2 Rg7 30. Rcf2 Nbd7 31. Rf7 Rxg5 32. hxg5 Qxg5 33. Qf3 Rh8 34. Na4 Ng6 35. Qh3 Ngf8 36. R1f2 Qc1+ 37. Kh2 Qg5 38. Qg3 Qg4 39. Qxg4 hxg4+ 40. Kg3 Rg8 41. R7f4 Ng6 42. Rxg4 Ne7 43. Rxg8+ Nxg8 44. Kf4 Ne7 45. Kg5 Nf5 46. Rf4 Ke7 47. g4 Ng3 48. Kg6 Ne2 49. Rf7+ Ke8 50. Nc5 Nxc5 51. dxc5 d4 52. Rf1 Nc3 53. g5 d3 54. Kh7 1-0